[Event "TCh-SRB 1st League 2013"]
[Site "Kragujevac SRB"]
[Date "2013.08.25"]
[Round "2.4"]
[White "Bojkovic,S"]
[Black "Milanovic,Da"]
[Result "0-1"]
[WhiteElo "2263"]
[BlackElo "2491"]

1.e4 d5 2.exd5 Qxd5 3.Nc3 Qd6 4.d4 Nf6 5.Nf3 g6 6.Nb5 Qd8 7.Bf4 Na6 8.c4 Bg7
9.Be2 O-O 10.O-O Bf5 11.a3 c6 12.Nc3 Ne4 13.Rc1 Nc7 14.h3 Qc8 15.Qe1 Rd8
16.Bd3 Ne6 17.Be5 Bxe5 18.Nxe5 Nxc3 19.Bxf5 Ne2+ 20.Qxe2 Nxd4 21.Bxc8 Nxe2+
22.Kh2 Raxc8 23.Rc2 Nd4 24.Rc3 f6 25.Ng4 h5 26.Ne3 Rc7 27.Re1 Kf7 28.Nc2 e5
29.Ne3 Ne6 30.Re2 Rcd7 31.Rc1 Rd2 32.Rc2 Rxe2 33.Rxe2  0-1

[Event "XXX Collado Villalba Open 2013"]
[Site "Collado Villalba ESP"]
[Date "2013.08.26"]
[Round "4.16"]
[White "Aziz Ortego,O"]
[Black "Monmeneu Chulia,Vice"]
[Result "1-0"]
[WhiteElo "2029"]
[BlackElo "1966"]

1.e4 d5 2.exd5 Qxd5 3.Nc3 Qd6 4.d4 Nf6 5.Nf3 g6 6.g3 Bg7 7.Bf4 Qd8 8.Bc4 a6
9.Qe2 O-O 10.O-O-O Bg4 11.Rhe1 e6 12.h3 Bxf3 13.Qxf3 c6 14.h4 Qc8 15.g4 Nd5
16.Ne4 b5 17.Bb3 Nxf4 18.Qxf4 Qd8 19.h5 g5 20.Qh2 h6 21.f4 Qc7 22.Rf1 a5
23.c3 b4 24.Nxg5 hxg5 25.h6 Bf6 26.Qh5 Qe7 27.Rde1 bxc3 28.bxc3 a4 29.Bc4 Rd8
30.fxg5 Bxg5+ 31.Kc2 Ra7 32.Rxf7  1-0

[Event "e2e4 Coventry Open"]
[Site "Coventry ENG"]
[Date "2013.08.26"]
[Round "6"]
[White "Richmond,J"]
[Black "Hughes,Ro"]
[Result "1/2-1/2"]
[WhiteElo "2092"]
[BlackElo "1993"]

1.e4 d5 2.exd5 Qxd5 3.Nc3 Qd6 4.d4 Nf6 5.Be3 a6 6.Qd2 b5 7.a3 Bb7 8.Nf3 e6
9.Ne5 c5 10.f3 Nc6 11.Nxc6 Qxc6 12.Qf2 Rc8 13.Bd3 Qc7 14.O-O cxd4 15.Bxd4 Bc5
16.Bxc5 Qxc5 17.Rfe1 Qxf2+ 18.Kxf2 Ke7 19.Re2 Rhd8 20.Rae1 Rc5  1/2-1/2

[Event "20th Graz Open 2013"]
[Site "Graz AUT"]
[Date "2013.08.26"]
[Round "3.4"]
[White "Leisenberger,Harald"]
[Black "Pfaffel,T"]
[Result "1/2-1/2"]
[WhiteElo "2092"]
[BlackElo "2117"]

1.e4 d5 2.exd5 Qxd5 3.Nc3 Qd6 4.d4 c6 5.g3 Nf6 6.Bg2 Bg4 7.Nge2 e6 8.Bf4 Qd8
9.Qd2 Nbd7 10.O-O Be7 11.Rfe1 O-O 12.h3 Bh5 13.g4 Bg6 14.Bg3 Nb6 15.Rad1  1/2-1/2

[Event "21st Honor to National Resistance"]
[Site "Nikaia GRE"]
[Date "2013.08.27"]
[Round "2.18"]
[White "Kapnisis,S"]
[Black "Bitsanis,Georgios"]
[Result "1-0"]
[WhiteElo "2463"]
[BlackElo "1653"]

1.e4 d5 2.exd5 Qxd5 3.Nc3 Qd6 4.d4 c6 5.Ne4 Qd8 6.Nf3 Bg4 7.Bc4 e6 8.c3 Nf6
9.Ng3 Bd6 10.h3 Bxf3 11.Qxf3 Qc7 12.Ne4 Nxe4 13.Qxe4 h6 14.Qg4 g6 15.O-O Nd7
16.Bxe6 fxe6 17.Qxg6+ Kd8 18.Bxh6 Be7 19.Rae1 Nf8 20.Bxf8 Rxf8 21.Rxe6 Qd7
22.Rfe1 Re8 23.f4 Kc7 24.Qe4 Rad8 25.f5  1-0

[Event "2nd Paleros Open"]
[Site "Paleros GRE"]
[Date "2013.08.27"]
[Round "5.4"]
[White "Dorfanis,I"]
[Black "Azis,A"]
[Result "0-1"]
[WhiteElo "2164"]
[BlackElo "2218"]

1.e4 d5 2.exd5 Qxd5 3.Nc3 Qd6 4.d4 Nf6 5.Nf3 Nc6 6.Nb5 Qd8 7.c4 Bg4 8.d5 Nb8
9.Bf4 Na6 10.Be2 g6 11.Qa4 Nd7 12.Qxa6 bxa6 13.Nxc7+ Qxc7 14.Bxc7 Bg7 15.O-O Bxb2
16.Rab1 Ba3 17.Rb3 Bc5 18.h3 Bxf3 19.Bxf3 Rc8 20.Rb7 O-O 21.Rc1 Nb6 22.Be2 Rfe8
23.Rd1 Na4 24.Be5 Bb6 25.Bd4 Nc5 26.Bxc5 Rxc5 27.Kf1 Kg7 28.Rd2 h5 29.h4 Kf8
30.g3 a5 31.a4 Rd8 32.Ke1 Rdc8 33.Bf1 R5c7 34.Rxc7 Rxc7 35.Rb2 Ke8 36.Bd3 Kd7
37.Ke2 Kd6 38.Kf3 Ke5 39.Ke2 Kd4 40.Rb3 Bc5 41.Rb8 Kc3 42.f4 Bb4 43.f5 gxf5
44.Rh8 e6 45.Rxh5 Bc5 46.Rh8 Rb7 47.dxe6 fxe6 48.Rd8 Rb2+ 49.Kf1 Rf2+ 50.Ke1 Rd2
51.Rc8 Bf2+ 52.Kf1 Kxd3 53.Rd8+ Bd4 54.h5 Kxc4 55.h6 Rh2  0-1

[Event "TCh-SRB 1st League w 2013"]
[Site "Kragujevac SRB"]
[Date "2013.08.28"]
[Round "5.5"]
[White "Zivic,R"]
[Black "Petrovic,Mari"]
[Result "0-1"]
[WhiteElo "2029"]
[BlackElo "2103"]

1.e4 d5 2.exd5 Qxd5 3.Nc3 Qd6 4.d4 Nf6 5.Bc4 g6 6.Nge2 c6 7.O-O Bg7 8.a4 O-O
9.Bf4 Qb4 10.b3 Qa5 11.Rb1 Nbd7 12.b4 Qh5 13.Qd2 Nb6 14.Bd3 h6 15.Ng3 Qh4
16.Nge4 Nxe4 17.Nxe4 Qh5 18.c4 Be6 19.Rfc1 Rad8 20.a5 Nc8 21.d5 cxd5 22.Ng3 Qh4
23.c5 a6 24.c6 bxc6 25.Rxc6 Bd7 26.Rxa6 e5 27.Be3 d4 28.b5 dxe3 29.Qxe3 Qa4
30.Ne4 Bf5 31.Nc5 Rxd3 32.Nxd3 Rd8 33.Rc1 Bxd3 34.Ra8 Bxb5 35.Raxc8 Rxc8
36.Rxc8+ Kh7 37.Qe1 e4 38.h3 Bd3 39.Rc7 Qa2 40.Rd7 Qe6 41.Rb7 Qd5 42.Qb4 Ba6
43.Rb6 Be5 44.Qe1 Qd3 45.Rb1 Bc3 46.Qc1 Bxa5 47.Ra1 Bd2 48.Qc7 Bc4 49.Qb8 g5
50.Qb1 Bc3 51.Qc1 Bxa1 52.Qxa1 e3 53.fxe3 Qxe3+ 54.Kh1 Qd3 55.Qb2 Bd5 56.Kh2 Qe4
57.Kg1 Kg6 58.Qb6+ Bc6 59.Qb2 Qxg2+  0-1

[Event "TCh-SRB 1st League w 2013"]
[Site "Kragujevac SRB"]
[Date "2013.08.28"]
[Round "5.4"]
[White "Madzgalj,Jovana"]
[Black "Drljevic,L"]
[Result "1-0"]
[WhiteElo "1882"]
[BlackElo "2187"]

1.e4 d5 2.exd5 Qxd5 3.Nc3 Qd6 4.Nf3 Bg4 5.Be2 Nf6 6.d3 c6 7.h3 Bh5 8.Nd2 Bg6
9.Nc4 Qc7 10.Bf3 Nbd7 11.Qe2 e6 12.a3 b5 13.Nd2 Rc8 14.Nde4 Be7 15.Nxf6+ Nxf6
16.Be3 O-O 17.O-O Rfd8 18.Rfe1 a6 19.Qd2 c5 20.Bf4 Bd6 21.Bxd6 Qxd6 22.Qe2 Nd7
23.Ne4 Qe5 24.Rab1 c4 25.dxc4 Rxc4 26.b3 Rcc8 27.Red1 Nb6 28.Rxd8+ Rxd8 29.Rd1 Rd5
30.c4 bxc4 31.bxc4 Rd4 32.c5 Na4 33.Qxa6 h6 34.Rxd4 Qxd4 35.Qa8+ Kh7 36.Nd6 Nxc5
37.Nb5 Qa1+ 38.Kh2 Nd3 39.Be4 Qe5+ 40.g3 Bxe4  1-0

[Event "Petersburg Summer Blitz 2013"]
[Site "St Petersburg RUS"]
[Date "2013.08.28"]
[Round "1.4"]
[White "Ljubarov,M"]
[Black "Levin,Ev"]
[Result "0-1"]
[WhiteElo "2126"]
[BlackElo "2505"]

1.e4 d5 2.exd5 Qxd5 3.Nc3 Qd8 4.d4 c6 5.Nf3 Bf5 6.Be3 e6 7.Bd3 Bg6 8.O-O Nd7
9.Ne4 Ngf6 10.Nxf6+ Nxf6 11.c4 Be7 12.Ne5 Bxd3 13.Qxd3 O-O 14.Rad1 Qa5 15.a3 Rad8
16.Qe2 Nd7 17.Nd3 Rfe8 18.Qg4 Qa4 19.Ne5 Bf6 20.Nxd7 Rxd7 21.Qe2 Red8 22.Rd3 Qxc4
23.Rfd1 Qb5 24.Qc2 Rd5 25.a4 Qa6 26.h3 c5 27.g4 Bxd4 28.Bxd4 cxd4 29.Qb3 h6
30.Qb4 e5 31.Qe7 Qxa4 32.Re1 Qb5 33.Rf3 R5d7 34.Qxe5 Qxb2 35.Qa5 b6 36.Qa4 b5
37.Qd1 d3 38.Rfe3 g6 39.Kf1 d2 40.R1e2 Qd4 41.Re4 Qd5 42.R2e3 a5 43.Re8+ Kh7
44.Kg1 Rxe8 45.Rxe8 b4 46.Re3 a4 47.f4 Qd4 48.Kf2 Re7  0-1

[Event "Petersburg Summer Blitz 2013"]
[Site "St Petersburg RUS"]
[Date "2013.08.28"]
[Round "13.3"]
[White "Stukopin,A"]
[Black "Levin,Ev"]
[Result "1/2-1/2"]
[WhiteElo "2522"]
[BlackElo "2505"]

1.e4 d5 2.exd5 Qxd5 3.Nc3 Qd8 4.d4 c6 5.Bc4 Bf5 6.Nf3 e6 7.O-O Nd7 8.Re1 Be7
9.a4 a5 10.h3 Ngf6 11.Nh4 Bg6 12.Nxg6 hxg6 13.Bf4 O-O 14.Bg3 Nb6 15.Bf1 Nbd5
16.Nxd5 Nxd5 17.c3 Bd6 18.Bxd6 Qxd6 19.g3 Rfd8 20.Qf3 Nf6 21.h4 Qd5 22.Qxd5 cxd5  1/2-1/2

[Event "TCh-SRB 1st League 2013"]
[Site "Kragujevac SRB"]
[Date "2013.08.29"]
[Round "6.6"]
[White "Kovacevic,A"]
[Black "Milanovic,Da"]
[Result "1-0"]
[WhiteElo "2564"]
[BlackElo "2491"]

1.e4 d5 2.exd5 Qxd5 3.Nc3 Qd6 4.d4 Nf6 5.Nf3 c6 6.g3 Bf5 7.Bf4 Qd8 8.Bd3 Bxd3
9.Qxd3 e6 10.O-O-O Be7 11.Bxb8 Rxb8 12.Ne5 O-O 13.f4 Qa5 14.Kb1 Rbd8 15.Qf3 Qb6
16.Ne2 c5 17.Rd3 Qc7 18.dxc5 Bxc5 19.Rhd1 Rxd3 20.Qxd3 Be7 21.Nc3 Rd8 22.Qf3 Rxd1+
23.Qxd1 a6 24.a3 h6 25.Qd3 Bd6 26.Nc4 Be7 27.Ne4 Nd7 28.Qd4 f5 29.Ned2 Bc5
30.Qd3 b5 31.Na5 Bb6 32.Nab3 Qc6 33.Nf3 g6 34.Nbd4 Qd5 35.Qc3 Bc5 36.Nb3 Qd1+
37.Ka2 Qd5 38.Kb1 Qd1+ 39.Ka2 Qd5 40.Ne5 Nxe5 41.Qxc5 Nc6 42.Qxd5 exd5 43.Nc5 a5
44.Kb3 Kf7 45.a4 b4 46.c3 bxc3 47.Kxc3 Ke7 48.Nd3 Kd6 49.b4 axb4+ 50.Nxb4 Na5
51.Nd3 Nc6 52.Ne5 Nxe5 53.fxe5+ Kxe5 54.a5 Kd6 55.a6 Kc6 56.Kd4 g5 57.a7 Kb7
58.Kxd5 Kxa7 59.Ke5 f4 60.gxf4 gxf4 61.Kxf4 Kb7 62.Kg4 Kc7 63.Kh5  1-0

[Event "Nordeste IM 2013"]
[Site "Natal BRA"]
[Date "2013.08.29"]
[Round "2.5"]
[White "Zallio,L"]
[Black "Pingas,B"]
[Result "1/2-1/2"]
[WhiteElo "2120"]
[BlackElo "2259"]

1.e4 d5 2.exd5 Qxd5 3.Nc3 Qd6 4.d4 Nf6 5.Nf3 g6 6.Ne5 Bg7 7.Nb5 Qd8 8.Bf4 Na6
9.Bc4 O-O 10.O-O c6 11.Nc3 Nc7 12.Qd2 Ncd5 13.Nxd5 cxd5 14.Bd3 Qb6 15.c3 a5
16.a4 Ne8 17.h3 Nd6 18.Rfe1 Bf5 19.Bxf5 Nxf5 20.Nd7 Qd8 21.Nxf8 Kxf8 22.g4 Nd6
23.Bh6 e6 24.Qf4 Kg8 25.Bxg7 Kxg7 26.f3 Ra6 27.b3 Rc6 28.Rec1 b5 29.axb5 Nxb5
30.c4 g5 31.Qe3 Nc7 32.Rxa5 h6 33.Ra7 Qb8 34.Ra3 Qb4 35.Ra4 Qb8 36.c5 f6
37.Qd3 Nb5 38.Kg2 Nd6 39.Rca1 Nf7 40.Ra7 Rc7 41.Rxc7 Qxc7 42.b4 Nh8 43.b5 Ng6
44.b6 Nh4+ 45.Kf1 Qg3 46.Ra7+ Kf8 47.Ra8+ Kg7 48.b7 Nxf3 49.Ke2 Qg2+ 50.Ke3 f5
51.gxf5 exf5 52.Rg8+ Kxg8 53.b8=Q+ Kg7 54.Qc7+ Kg6 55.Qd6+ Kh5 56.Qe2 Qg1+
57.Kd3 Qxd4+ 58.Kc2 Qa4+ 59.Kb1 Qb3+ 60.Kc1 Qc3+ 61.Kd1 Qa1+ 62.Kc2 Qa4+
63.Kb1 Qb4+  1/2-1/2

[Event "TCh-SRB 1st League 2013"]
[Site "Kragujevac SRB"]
[Date "2013.08.30"]
[Round "7.5"]
[White "Ristic,Nen"]
[Black "Radlovacki,J"]
[Result "1-0"]
[WhiteElo "2437"]
[BlackElo "2423"]

1.e4 d5 2.exd5 Qxd5 3.Nc3 Qd8 4.d4 Nf6 5.Bc4 Bf5 6.Nf3 e6 7.Bb3 c6 8.h3 Nbd7
9.Nh4 Bg6 10.Nxg6 hxg6 11.O-O Qc7 12.Qf3 Rh5 13.g4 Rh4 14.Re1 Be7 15.Bf4 Rxh3
16.Bxc7 Rxf3 17.Kg2 Rxc3 18.bxc3 Nxg4 19.c4 Kf8 20.c3 Rc8 21.Bg3 Ngf6 22.a4 Nh5
23.Bh2 Bg5 24.Bd6+ Kg8 25.c5 Nhf6 26.f4 Bh4 27.Rxe6 Nd5 28.Bxd5 cxd5 29.Re3 f5
30.a5 Rc6 31.a6 b6 32.Be7 Nf6 33.Bxf6 Bxf6 34.Re8+ Kf7 35.Ra8 bxc5 36.Rxa7+  1-0

[Event "TCh-SRB 1st League 2013"]
[Site "Kragujevac SRB"]
[Date "2013.08.30"]
[Round "7.1"]
[White "Lukovic,V"]
[Black "Bogosavljevic,B"]
[Result "1/2-1/2"]
[WhiteElo "2346"]
[BlackElo "2552"]

1.e4 d5 2.exd5 Qxd5 3.Nc3 Qd6 4.d4 Nf6 5.Nf3 g6 6.Nb5 Qb6 7.Na3 Be6 8.c3 Bg7
9.Nc4 Bxc4 10.Bxc4 O-O 11.O-O Nbd7 12.Re1 e6 13.Qb3 c6 14.a4 Nd5 15.a5 Qxb3
16.Bxb3 a6 17.Bg5 Rfe8 18.Bh4 Rac8 19.h3 Bf6 20.Bg3 Bd8 21.Ne5 Nxe5 22.Bxe5 Ne7
23.g4 Bc7 24.Bf6 Nd5 25.Bxd5 cxd5 26.Ra3 Bd8 27.Bxd8 Rexd8 28.Rb3 Rd7 29.f4 Rc4
30.Ra1 h6 31.Rb6 Kg7 32.Kg2 Rc6 33.Rxc6 bxc6 34.h4 Rb7 35.b4 Kf6 36.g5+ Kf5
37.Kg3 f6 38.gxf6 Kxf6 39.Kg4 Rg7 40.Re1 Rg8 41.Re5 Ke7 42.Re3 Rf8 43.Re2 Rf5
44.Re1 Kf6 45.Rh1 Rh5 46.Re1 Rf5 47.Rh1 Rh5 48.Re1  1/2-1/2

[Event "21st Honor to National Resistance"]
[Site "Nikaia GRE"]
[Date "2013.08.30"]
[Round "5.19"]
[White "Lazaridis Elmaloglou,L"]
[Black "Vazelakis,D"]
[Result "1/2-1/2"]
[WhiteElo "1884"]
[BlackElo "1969"]

1.e4 d5 2.exd5 Qxd5 3.Nc3 Qd6 4.d4 Nf6 5.g3 c6 6.Bg2 g6 7.Nf3 Bg7 8.O-O O-O
9.Re1 Bg4 10.Bf4 Qd8 11.Qd2 Re8 12.Ne5 Be6 13.Rad1 Nbd7 14.d5 cxd5 15.Nxd5 Nxd5
16.Bxd5 Bxd5 17.Qxd5 Nxe5 18.Bxe5 Qxd5 19.Rxd5 e6 20.Rd7 Bxe5 21.Rxe5 b6
22.Re3 Rec8 23.Rf3 f5 24.c3 Rc5 25.Re3 e5 26.b4 f4 27.bxc5 fxe3 28.fxe3 Rc8
29.Rxa7 Rxc5 30.Rb7 Rxc3 31.Rxb6 Ra3 32.Rb5 Rxe3 33.a4 Ra3 34.a5 e4 35.Rb8+ Kf7
36.Ra8 e3 37.Kf1 Ra2 38.a6 Kf6 39.a7 Kg5 40.h3 Kh6 41.Ke1 Kg5 42.Re8  1/2-1/2

[Event "TCh-SRB 1st League 2013"]
[Site "Kragujevac SRB"]
[Date "2013.08.31"]
[Round "8.3"]
[White "Spasov,V"]
[Black "Djukic,Ni"]
[Result "1/2-1/2"]
[WhiteElo "2573"]
[BlackElo "2551"]

1.e4 d5 2.exd5 Qxd5 3.Nc3 Qd8 4.d4 Nf6 5.Nf3 Bg4 6.h3 Bxf3 7.Qxf3 c6 8.Be3 e6
9.Bd3 Nbd7 10.O-O Bd6 11.Ne4 Nxe4 12.Bxe4 Nf6 13.Bd3 Nd5 14.Bd2 Qf6 15.Qe4 Nf4
16.Bc4 O-O 17.Rfe1 Rfd8 18.Rad1 b5 19.Bf1 Nd5 20.Bd3 g6 21.g3 Rac8 22.h4 Qg7
23.c3 a5 24.Qf3 a4 25.a3 Be7 26.Bc1 h6 27.Kg2 Bf8 28.Re5 Bd6 29.Ree1 Bf8
30.Bb1 Qf6 31.Qe2 Bg7 32.Be4 Rd7 33.Rd3 Qe7 34.Rdd1 Nf6 35.Bf3 Nd5 36.Be4 Nf6
37.Bb1 Nd5 38.Ba2 Qd8 39.Bb1 Qe7 40.Qf3 Qf6 41.Qe2  1/2-1/2

[Event "TCh-SRB 1st League 2013"]
[Site "Kragujevac SRB"]
[Date "2013.08.31"]
[Round "8.5"]
[White "Todorovic,GM"]
[Black "Bogosavljevic,B"]
[Result "1/2-1/2"]
[WhiteElo "2488"]
[BlackElo "2552"]

1.e4 d5 2.exd5 Qxd5 3.Nc3 Qd6 4.d4 Nf6 5.Nf3 g6 6.Nb5 Qb6 7.Be2 c6 8.Na3 Bg7
9.Bf4 Be6 10.O-O O-O 11.Nc4  1/2-1/2

[Event "TCh-SRB 1st League w 2013"]
[Site "Kragujevac SRB"]
[Date "2013.08.31"]
[Round "8.1"]
[White "Milanovic,Ma"]
[Black "Petrovic,Mari"]
[Result "1/2-1/2"]
[WhiteElo "1953"]
[BlackElo "2103"]

1.e4 d5 2.exd5 Qxd5 3.Nc3 Qd6 4.d4 Nf6 5.Bc4 g6 6.Nge2 c6 7.Bf4 Qd8 8.Qd2 b5
9.Bb3 Bg7 10.O-O O-O 11.a3 Nbd7 12.d5 cxd5 13.Bxd5 Nxd5 14.Qxd5 Nb6 15.Qxb5 Bf5
16.Rad1 Qe8 17.Nd4 Bxd4 18.Rxd4 e5 19.Qxe5 Qxe5 20.Bxe5 Rfe8 21.Bc7 Bxc2
22.Bxb6 axb6 23.Nd5 Reb8 24.Rc1 Bb3 25.Nb4 Be6 26.f3 Kg7 27.Rc7 b5 28.Nc6 Rc8
29.Rxc8 Rxc8 30.Rd6 h5 31.Kf2 Bc4 32.Nd4 b4 33.axb4 Rb8 34.b5 Bxb5 35.Nxb5 Rxb5
36.Rd2 Rb3 37.Ke2 g5 38.Kd1 Rb7 39.Kc1 g4 40.fxg4 hxg4 41.Rd3 Kg6 42.b3 f5
43.g3 Kf6 44.Re3 f4 45.gxf4 Kf5 46.Kb2 Kxf4 47.Rc3 Kf5 48.h3 gxh3 49.Rxh3 Ke5
50.Rd3 Ke6 51.Rd4 Ke5 52.Kc3 Rxb3+  1/2-1/2

[Event "TCh-SRB 1st League w 2013"]
[Site "Kragujevac SRB"]
[Date "2013.09.01"]
[Round "9.5"]
[White "Videnova,I"]
[Black "Voiska,M"]
[Result "1/2-1/2"]
[WhiteElo "2305"]
[BlackElo "2261"]

1.e4 d5 2.exd5 Qxd5 3.Nc3 Qd6 4.d4 Nf6 5.Nf3 g6 6.Ne5 Bg7 7.Bf4 Nd5 8.Nxd5 Qxd5
9.f3 O-O 10.Bc4 Qa5+ 11.Qd2 Qxd2+ 12.Kxd2 Nd7 13.h4 Nxe5 14.dxe5 Bd7 15.Ke3 b5
16.Rad1 Rfd8 17.Bb3 Be8 18.e6 Bxb2 19.Bxc7 Rxd1 20.Rxd1 fxe6 21.Bxe6+ Bf7
22.Bb3 Rc8 23.Rd8+ Rxd8 24.Bxd8 Bf6 25.g3 Bxb3 26.cxb3 Kf7 27.Ke4 Ke6 28.Bc7 Bc3
29.Bf4 h5 30.Be3 a6 31.Bf2 Ba5 32.g4 Bc3 33.Bg3 Bf6 34.Be1 Bg7 35.gxh5 gxh5
36.f4 Bb2 37.Bd2  1/2-1/2

[Event "78th ch-ESP 2013"]
[Site "Linares ESP"]
[Date "2013.09.01"]
[Round "4.10"]
[White "Perez Mitjans,O"]
[Black "De Prado Rodriguez,O"]
[Result "1-0"]
[WhiteElo "2475"]
[BlackElo "2251"]

1.e4 d5 2.exd5 Qxd5 3.Nc3 Qd6 4.d4 Nf6 5.Bd3 Nc6 6.Nge2 e5 7.O-O Nxd4 8.Nxd4 Qxd4
9.Nb5 Qd8 10.Qe1 Qe7 11.Qa5 b6 12.Qc3 c5 13.Re1 a6 14.Rxe5 Be6 15.Bf4 axb5
16.Bxb5+ Nd7 17.Rd1 Ra7 18.Bg5 f6 19.Rde1 fxe5 20.Bxe7 Kxe7 21.f4 Kd8 22.Bxd7 Rxd7
23.Qxe5 Rd6 24.a4 Bd7 25.a5 bxa5 26.Qxc5 Ra6 27.Qg5+ Kc8 28.Re4 h6 29.Qe5 Bd6
30.Rc4+ Kb8 31.Qxg7 Rd8 32.h3 Bb5 33.Rd4 Rd7 34.Qf6 Kb7 35.Qf5 Bc6 36.c4 Ra8
37.c5 Rf8 38.Qc2 Bxf4 39.Qb3+ Kc8 40.Qe6 Kd8 41.Rxf4 Rxf4 42.Qxc6 Rd1+ 43.Kh2 Rd2
44.Qb6+ Kc8 45.c6 Rc4 46.Qa6+  1-0

[Event "67th Moscow Blitz 2013"]
[Site "Moscow RUS"]
[Date "2013.09.01"]
[Round "2"]
[White "Grischuk,A"]
[Black "Kovalenko,I"]
[Result "0-1"]
[WhiteElo "2785"]
[BlackElo "2644"]

1.e4 d5 2.exd5 Qxd5 3.Nc3 Qd6 4.d4 Nf6 5.Nf3 Bg4 6.h3 Bh5 7.g4 Bg6 8.Ne5 Nbd7
9.Nxg6 hxg6 10.Be3 c6 11.Qf3 Nb6 12.O-O-O Nbd5 13.Bd2 e6 14.Ne2 a5 15.Kb1 b5
16.Ng3 a4 17.a3 Qb8 18.c3 Bd6 19.Bd3 Bf4 20.Be1 g5 21.Ne2 Qc7 22.Bc2 O-O-O
23.Nxf4 Qxf4 24.Qe2 Qc7 25.c4 Nf4 26.Qf1 Qb6 27.Bb4 bxc4 28.Qxc4 Qb5 29.Qa2 Kb7
30.Ka1 N6d5 31.Bc5 Nxh3 32.Bd3 Qa5 33.b4 axb3 34.Qxb3+ Kc7 35.Rb1 Rb8 36.Qc2 Nhf4
37.Rxh8 Rxh8 38.Bc4 Rh3 39.Rb3 Rxb3 40.Bxb3 Qe1+ 41.Kb2 Qxf2 42.Qxf2 Nd3+
43.Kc2 Nxf2 44.Bf8 g6 45.a4 Nxg4 46.a5 Kb7 47.Kd2 f5 48.Bc4 Nge3 49.a6+ Ka8
50.Be2 g4 51.Bd6 f4 52.Bxf4 Nxf4 53.Kxe3 Nxe2  0-1

[Event "67th Moscow Blitz 2013"]
[Site "Moscow RUS"]
[Date "2013.09.01"]
[Round "7"]
[White "Popov,Iv RUS"]
[Black "Kovalenko,I"]
[Result "1/2-1/2"]
[WhiteElo "2656"]
[BlackElo "2644"]

1.e4 d5 2.exd5 Qxd5 3.Nc3 Qd6 4.d4 Nf6 5.Nf3 Bg4 6.h3 Bh5 7.g4 Bg6 8.Ne5 Nbd7
9.f4 e6 10.Bg2 O-O-O 11.Be3 Qa6 12.Nxg6 hxg6 13.Qe2 Qxe2+ 14.Kxe2 Nb6 15.Rad1 Bb4
16.Ne4 Nxe4 17.Bxe4 Bd6 18.Kf3 f5 19.Bd3 Nd5 20.c4 Nxe3 21.Kxe3 c5 22.d5 exd5
23.cxd5 Rde8+ 24.Kf3 fxg4+ 25.hxg4 Rhf8 26.f5 gxf5 27.Bxf5+ Kb8 28.Rhe1 Rxe1
29.Rxe1 g6 30.Re6 gxf5 31.Rxd6 fxg4+ 32.Kg3 Rf3+ 33.Kxg4 Rf2 34.Rd7 Kc8 35.Rh7 Rd2
36.Kf5 Rxd5+ 37.Ke6 Rd2 38.b3 a6 39.a4 Rd3 40.a5 Kb8 41.Rh5 Rxb3 42.Rxc5 Rb5
43.Rxb5 axb5 44.Kd5  1/2-1/2

[Event "67th Moscow Blitz 2013"]
[Site "Moscow RUS"]
[Date "2013.09.01"]
[Round "13"]
[White "Eliseev,U"]
[Black "Kovalenko,I"]
[Result "1/2-1/2"]
[WhiteElo "2550"]
[BlackElo "2644"]

1.e4 d5 2.exd5 Qxd5 3.Nc3 Qd6 4.d4 Nf6 5.Bg5 Bg4 6.f3 Bf5 7.Qd2 Nc6 8.Nge2 O-O-O
9.O-O-O h6 10.Bf4 Qb4 11.a3 Qa5 12.Qe3 e6 13.Ng3 Bh7 14.Bb5 Nd5 15.Nxd5 Qxb5
16.Nxc7 Qa4 17.Ne4 Rxd4 18.Rxd4 Nxd4 19.Qd3 Bxe4 20.fxe4 Be7 21.Kb1 Rd8 22.Qc3 Qc6
23.Qxc6 bxc6 24.Na6 c5 25.b4 Nb5 26.Kb2 cxb4 27.axb4 Kb7 28.Ra1 Rd4 29.Be5 Rxe4
30.Bxg7 Rg4 31.Bh8 Rxg2 32.Kb3 Nc7 33.Nxc7 Kxc7 34.Rxa7+ Kd6  1/2-1/2

[Event "40th ch-IND w 2013"]
[Site "Kolkata IND"]
[Date "2013.09.02"]
[Round "8.5"]
[White "Soumya,Sw"]
[Black "Bhakti,K"]
[Result "1-0"]
[WhiteElo "2318"]
[BlackElo "2302"]

1.e4 d5 2.exd5 Qxd5 3.Nc3 Qd6 4.d4 Nf6 5.Nf3 g6 6.Nb5 Qb6 7.c4 c6 8.Nc3 Bg7
9.h3 Bf5 10.Qe2 Na6 11.g4 Be6 12.Be3 Qa5 13.Bf4 h5 14.g5 Nd7 15.Qd2 O-O 16.O-O-O b5
17.cxb5 cxb5 18.Bxb5 Rac8 19.Bxd7 Bxd7 20.a3 Bf5 21.Nh4 Nc5 22.dxc5 Bxc3
23.bxc3 Rxc5 24.Nxf5 Rxc3+ 25.Kb1 Qb5+ 26.Qb2 Qxf5+ 27.Ka1 Qc5 28.Bc1 Rc8
29.Qb4 Qf5 30.Bb2 R3c6 31.Qxe7 Kh7 32.Rd7  1-0

[Event "78th ch-ESP 2013"]
[Site "Linares ESP"]
[Date "2013.09.02"]
[Round "5.2"]
[White "Perez Candelario,Man"]
[Black "Ibarra Jerez,JC"]
[Result "0-1"]
[WhiteElo "2569"]
[BlackElo "2538"]

1.e4 d5 2.exd5 Qxd5 3.Nc3 Qd6 4.d4 Nf6 5.Nf3 g6 6.g3 Bg7 7.Bg2 Qa6 8.Ne2 O-O
9.O-O Rd8 10.Bf4 c5 11.Bc7 Rd7 12.Bxb8 Rxb8 13.c3 Rd6 14.Re1 Bg4 15.Qc1 Nd7
16.Qg5 Bxf3 17.Bxf3 e5 18.dxc5 Nxc5 19.Nc1 Qb6 20.Rb1 e4 21.Bg2 Ne6 22.Qe3 Qxe3
23.fxe3 Nc5 24.Bf1 Rd2 25.Nb3 Nxb3 26.axb3 Bh6 27.b4 Rc8 28.b5 b6 29.h4 f5
30.c4 Bf8 31.Be2 h5 32.b3 Rcd8 33.b4 Rc2 34.Bd1 Rc3 35.Kf2 Kh8 36.Be2 Bh6
37.Red1 Bxe3+ 38.Kg2 Rxd1 39.Rxd1 Rc2 40.Kf1 Rb2 41.Rd6 Kg7 42.Rd7+ Kh6 43.Ke1 Rxb4
44.Rxa7 Rb3 45.Kf1 Bc5 46.Kg2 Rb2 47.Kf1 Rb1+ 48.Kg2 Rg1+ 49.Kh2 Re1 50.Ra2 Rc1
51.Kg2 Kg7 52.Bf1 Kf6 53.Rd2 Rc3 54.Be2 Ke7 55.Ra2 Ke6 56.Ra8 Bd6 57.Rc8 Rxg3+
58.Kf2 f4 59.Rc6 Ke5  0-1

[Event "TCh-SRB 1st League 2013"]
[Site "Kragujevac SRB"]
[Date "2013.09.03"]
[Round "11.3"]
[White "Ristic,Nen"]
[Black "Milanovic,Da"]
[Result "0-1"]
[WhiteElo "2437"]
[BlackElo "2491"]

1.e4 d5 2.exd5 Qxd5 3.Nc3 Qd6 4.d4 Nf6 5.Nf3 c6 6.Ne5 Nbd7 7.Nc4 Qc7 8.d5 Nb6
9.dxc6 bxc6 10.Qf3 Nbd5 11.Bd2 g6 12.h3 Bg7 13.O-O-O O-O 14.g4 Be6 15.Rg1 Rab8
16.b3 Rfd8 17.Re1 Qc8 18.Qg3 Nb6 19.Ne5 a5 20.f4 a4 21.f5 Bd5 22.Bd3 axb3
23.cxb3 Nbd7 24.Bf4 Rb4 25.Nc4 Nc5 26.Ne5 Qa8 27.Kc2 Qa3 28.Rb1 Nfe4 29.Qe3 Nxd3
30.Qxd3 Nxc3 31.Kxc3 Rxf4 32.Rbe1 Rf3 33.Re3 Bxe5+  0-1

[Event "TCh-ROU 2013"]
[Site "Mamaia ROU"]
[Date "2013.09.03"]
[Round "4.5"]
[White "Vrencian,Lehel"]
[Black "Ardelean,Ge"]
[Result "0-1"]
[WhiteElo "2190"]
[BlackElo "2507"]

1.e4 d5 2.exd5 Qxd5 3.Nc3 Qd6 4.d4 c6 5.Bg5 Nf6 6.Qd2 Bf5 7.O-O-O e6 8.Nf3 Nbd7
9.Kb1 Qc7 10.h3 Bd6 11.Bd3 Bxd3 12.Qxd3 b5 13.Rhe1 Nd5 14.Ne4 O-O 15.Nxd6 Qxd6
16.Nd2 c5 17.Ne4 Qc6 18.dxc5 Nxc5 19.Nxc5 Qxc5 20.Qd4 Qc6 21.Qg4 Rfc8 22.Re2 Rc7
23.Bf4 Rb7 24.Bc1 b4 25.Ka1 Rc8 26.Qd4 b3 27.Rdd2 h6 28.c3 Nb4 29.Qe4 Nc2+
30.Kb1 bxa2+ 31.Kxa2 Qa6+ 32.Kb1 Na3+  0-1

[Event "TCh-ROU 2013"]
[Site "Mamaia ROU"]
[Date "2013.09.03"]
[Round "4.2"]
[White "Valeanu,E"]
[Black "Baratosi,D"]
[Result "1/2-1/2"]
[WhiteElo "2456"]
[BlackElo "2402"]

1.e4 d5 2.exd5 Qxd5 3.Nc3 Qd8 4.d4 Nf6 5.Bc4 a6 6.Nf3 b5 7.Bb3 c5 8.dxc5 Qxd1+
9.Nxd1 e6 10.Be3 Ne4 11.a4 b4 12.Ne5 Nxc5 13.Bc4 Bb7 14.f3  1/2-1/2

[Event "12th Kesarovski Mem"]
[Site "Sunny Beach BUL"]
[Date "2013.09.03"]
[Round "4.9"]
[White "Trent,L"]
[Black "Kukov,V"]
[Result "1-0"]
[WhiteElo "2429"]
[BlackElo "2356"]

1.e4 d5 2.exd5 Qxd5 3.Nc3 Qd6 4.d4 Nf6 5.Nf3 g6 6.Nb5 Qb6 7.c4 c6 8.Nc3 Bg4
9.c5 Qd8 10.Qb3 Bxf3 11.Qxb7 Bd5 12.Qxa8 Qc7 13.Bg5 Bg7 14.Bxf6 Bxf6 15.Nxd5 cxd5
16.Bb5+ Kf8 17.O-O Bxd4 18.Qxd5 Bxb2 19.Rab1 Be5 20.f4 Bf6 21.Ba4 Kg7 22.Rb7 Qa5
23.Bb3 Rc8 24.Qxf7+ Kh6 25.g4 Qxc5+ 26.Kg2 Rd8 27.g5+ Bxg5 28.fxg5+ Qxg5+
29.Kh1 Nc6 30.Qf4 e5 31.Rxh7+  1-0

[Event "12th Izmir Open"]
[Site "Izmir TUR"]
[Date "2013.09.04"]
[Round "4.1"]
[White "Annaberdiev,M"]
[Black "Tiviakov,S"]
[Result "1/2-1/2"]
[WhiteElo "2406"]
[BlackElo "2665"]

1.e4 d5 2.exd5 Qxd5 3.Nc3 Qd6 4.d4 Nf6 5.Nf3 c6 6.Ne5 Nbd7 7.Bf4 Nd5 8.Nxd5 Qxd5
9.Nf3 Nb6 10.Be2 Bf5 11.O-O Qe4 12.Be5 Qxc2 13.d5 Qxd1 14.Rfxd1 Nxd5 15.Nd4 Bd7
16.Nb5 f6 17.Bg3 Kd8 18.Bc4 e6 19.Nd6 Bxd6 20.Bxd6 Ke8 21.Re1 Kf7 22.Rac1 Rac8
23.f4 Rhe8 24.g3 Rcd8 25.a4 Bc8 26.Bc5 b6 27.Bf2 Bb7 28.a5 c5 29.Ra1 g6 30.b4 Nxb4
31.axb6 axb6 32.Ra7 Rb8 33.g4 f5 34.Rd1 Nc6 35.Bh4 Nxa7 36.Rd7+ Kg8 37.Bf6 b5
38.Rg7+ Kf8 39.Rxh7 fxg4 40.Bd3 e5 41.Bxg6 Bd5 42.Bg7+ Ke7 43.Bxe5+ Ke6 44.Rxa7 Bf3
45.Ra6+ Kd7 46.Bf5+ Ke7 47.Re6+ Kf7 48.Rf6+ Kg7 49.Rg6+ Kf8 50.Rf6+ Kg7 51.Rg6+  1/2-1/2